<?xml version="1.0" encoding="UTF-8"?>
<record
    xmlns:xsi="http://www.w3.org/2001/XMLSchema-instance"
    xsi:schemaLocation="http://www.loc.gov/MARC21/slim http://www.loc.gov/standards/marcxml/schema/MARC21slim.xsd"
    xmlns="http://www.loc.gov/MARC21/slim">

  <leader>03871nam a22003617i 4500</leader>
  <controlfield tag="003">DO-SdBNP</controlfield>
  <controlfield tag="005">20250227073850.0</controlfield>
  <controlfield tag="007">ta</controlfield>
  <controlfield tag="008">210302b   2020 dr  00| 0 eng d</controlfield>
  <datafield tag="040" ind1=" " ind2=" ">
    <subfield code="a">DO-SdBNP</subfield>
    <subfield code="b">spa</subfield>
    <subfield code="c">BNPHU</subfield>
    <subfield code="e">rda</subfield>
  </datafield>
  <datafield tag="082" ind1=" " ind2="4">
    <subfield code="a">928.61</subfield>
    <subfield code="b">G182g </subfield>
    <subfield code="2">22</subfield>
  </datafield>
  <datafield tag="100" ind1="1" ind2=" ">
    <subfield code="a">Guti&#xE9;rrez, Franklin,</subfield>
    <subfield code="d">1951-</subfield>
    <subfield code="e">autor</subfield>
    <subfield code="9">590</subfield>
  </datafield>
  <datafield tag="245" ind1="1" ind2="0">
    <subfield code="a">Manuel de Jes&#xFA;s Galv&#xE1;n :</subfield>
    <subfield code="b">vaivenes de una existencia revuelta /</subfield>
    <subfield code="c">Franklin Guti&#xE9;rrez ; coordinaci&#xF3;n de edici&#xF3;n, Jos&#xE9; Alc&#xE1;ntara Alm&#xE1;nzar, Elvis Francis Soto.</subfield>
  </datafield>
  <datafield tag="264" ind1=" " ind2=" ">
    <subfield code="a">Santo Domingo :</subfield>
    <subfield code="b">Banco Central de la Rep&#xFA;blica Dominicana, </subfield>
    <subfield code="c">2020.</subfield>
  </datafield>
  <datafield tag="300" ind1=" " ind2=" ">
    <subfield code="a">420 p&#xE1;ginas : </subfield>
    <subfield code="b">ilustraciones ;</subfield>
    <subfield code="c">23 cm. </subfield>
  </datafield>
  <datafield tag="336" ind1=" " ind2=" ">
    <subfield code="2">rdacontent</subfield>
    <subfield code="a">texto</subfield>
    <subfield code="b">txt</subfield>
  </datafield>
  <datafield tag="337" ind1=" " ind2=" ">
    <subfield code="2">rdamedia</subfield>
    <subfield code="a">sin mediaci&#xF3;n</subfield>
    <subfield code="b">n</subfield>
  </datafield>
  <datafield tag="338" ind1=" " ind2=" ">
    <subfield code="2">rdacarrier</subfield>
    <subfield code="a">volumen</subfield>
    <subfield code="b">nc</subfield>
  </datafield>
  <datafield tag="490" ind1=" " ind2=" ">
    <subfield code="a">Banco Central de la Rep&#xFA;blica Dominicana </subfield>
    <subfield code="v">275</subfield>
  </datafield>
  <datafield tag="490" ind1=" " ind2=" ">
    <subfield code="a">Arte y Literatura</subfield>
    <subfield code="v">102</subfield>
  </datafield>
  <datafield tag="500" ind1=" " ind2=" ">
    <subfield code="a">Incluye datos biogr&#xE1;ficos del autor en las solapas</subfield>
  </datafield>
  <datafield tag="500" ind1=" " ind2=" ">
    <subfield code="a">Incluye referencias bibliogr&#xE1;ficas y notas al pie de las p&#xE1;ginas e &#xED;ndice onom&#xE1;stico</subfield>
  </datafield>
  <datafield tag="504" ind1=" " ind2=" ">
    <subfield code="a">Bibliograf&#xED;a :  p. 383-391</subfield>
  </datafield>
  <datafield tag="505" ind1="0" ind2=" ">
    <subfield code="a">Pre&#xE1;mbulo, 13.-- Cronolog&#xED;a, 15.-- Primera parte: vida de Manuel de Jes&#xFA;s Galv&#xE1;n. Nacimiento: origen laber&#xED;ntico, 33.-- Ni&#xF1;ez, adolescencia y educaci&#xF3;n, 41.-- Primeras incursiones en la administraci&#xF3;n p&#xFA;blica, 47.-- Anexi&#xF3;n: su &#xFA;nico recurso para alcanzar la paz social, 55.-- Periodo puertorrique&#xF1;o (1865-1874), 72.-- De vuelta a Santo Domingo (1874), 94.-- Del poder moderado a los negocios furtivos, 120.-- Su &#xFA;ltimo lustro de existencia, 127.-- Popularidad de Galv&#xE1;n y Enriquillo, 137.-- Legado literario de Galv&#xE1;n a sus descendientes, 141.-- Segunda parte: labor period&#xED;stica y literaria. Producci&#xF3;n period&#xED;stica, 159.-- En la prensa dominicana, 159.-- En la prensa puertorrique&#xF1;a, 170.-- Producci&#xF3;n literaria, 179.-- La puericracia, 181.-- Federico y el aburrimiento, 188.-- Elvira y Manfredo, 190.-- Enriquillo, 195.-- El Enriquillo hist&#xF3;rico de las cr&#xF3;nicas, 201.-- El Enriquillo ficticio de Galv&#xE1;n, 213.-- Invenci&#xF3;n de un h&#xE9;roe llamado Enriquillo, 234.-- Enriquillo, ni&#xF1;o precoz, 241.-- Rebeld&#xED;a de Enriquillo, 249.-- Protagonismo de Bartolom&#xE9; de Las Casas en Enriquillo, 261.-- Rebeli&#xF3;n de Enriquillo, 267.-- Carta de Enriquillo a Carlos V, 273.-- Tergiversaciones hist&#xF3;ricas en Enriquillo, 276.-- Enriquillo ante la cr&#xED;tica dominicana y for&#xE1;nea, 280.-- Ediciones de Enriquillo, 292.-- Ediciones resumidas, 310.-- Primer anexo: escritos relacionados con la muerte de Galv&#xE1;n. Una p&#xE1;gina triste: el entierro de Galv&#xE1;n, 317.-- Nota necrol&#xF3;gica, 320.-- El sepelio de ayer, 323.-- Un muerto ilustre, 325.-- Don Manuel de Jes&#xFA;s Galv&#xE1;n, 331.-- Manuel de J. Galv&#xE1;n dead, 336.-- Manuel de J. Galv&#xE1;n muerto, 338.-- Manuel de J. Galv&#xE1;n, 340.-- Manuel de J. Galv&#xE1;n, 346.-- Segundo anexo: documentos de misiones diplom&#xE1;ticas. Participaci&#xF3;n de Rep&#xFA;blica Dominicana en la Exposici&#xF3;n hist&#xF3;rico-americana de Madrid de 1892, 351.-- Protocolo de 1903: convenio entre los Estados Unidos de Am&#xE9;rica y la Rep&#xFA;blica Dominicana para el pago de las acreencias reclamadas por la Santo Domingo Improvement, 364.-- Tercer anexo: documentos de transacciones comerciales. Documento de pr&#xE9;stamo de Manuel de Jes&#xFA;s Galv&#xE1;n a Philiphe Evertsz, 373.-- Documento de cobro de pr&#xE9;stamo otorgado por Galv&#xE1;n a Rafael Abr&#xE9;u, 377.-- Documento de pr&#xE9;stamo-inversi&#xF3;n de Galv&#xE1;n a Antonio Ortiz, </subfield>
  </datafield>
  <datafield tag="590" ind1=" " ind2=" ">
    <subfield code="a">Inventariado, 2021 /LP

</subfield>
  </datafield>
  <datafield tag="600" ind1="1" ind2="4">
    <subfield code="a">Galv&#xE1;n, Manuel de Jes&#xFA;s</subfield>
    <subfield code="d">1834-1910</subfield>
    <subfield code="v">Biograf&#xED;as</subfield>
    <subfield code="9">78558</subfield>
  </datafield>
  <datafield tag="650" ind1=" " ind2="4">
    <subfield code="a">Escritores dominicanos</subfield>
    <subfield code="v">Biograf&#xED;as </subfield>
    <subfield code="9">19138</subfield>
  </datafield>
  <datafield tag="651" ind1=" " ind2="4">
    <subfield code="a">Rep&#xFA;blica Dominicana</subfield>
    <subfield code="v">Biograf&#xED;as</subfield>
    <subfield code="9">1083</subfield>
  </datafield>
  <datafield tag="700" ind1="1" ind2=" ">
    <subfield code="a">Soto, Elvis Francis,</subfield>
    <subfield code="e">coordinaci&#xF3;n de la edici&#xF3;n</subfield>
    <subfield code="9">39156</subfield>
  </datafield>
  <datafield tag="700" ind1="1" ind2=" ">
    <subfield code="a">Alc&#xE1;ntara Alm&#xE1;nzar, Jos&#xE9;</subfield>
    <subfield code="d">1946-</subfield>
    <subfield code="e">coordinaci&#xF3;n de la edici&#xF3;n</subfield>
    <subfield code="9">7018</subfield>
  </datafield>
  <datafield tag="910" ind1=" " ind2=" ">
    <subfield code="a">Lperez.Validado. Control de calidad MAA</subfield>
  </datafield>
  <datafield tag="942" ind1=" " ind2=" ">
    <subfield code="2">ddc</subfield>
    <subfield code="c">LBS1</subfield>
  </datafield>
  <datafield tag="952" ind1=" " ind2=" ">
    <subfield code="0">0</subfield>
    <subfield code="1">0</subfield>
    <subfield code="2">ddc</subfield>
    <subfield code="5">1</subfield>
    <subfield code="7">0</subfield>
    <subfield code="8">PD</subfield>
    <subfield code="a">BNPHU</subfield>
    <subfield code="b">BNPHU</subfield>
    <subfield code="c">HD</subfield>
    <subfield code="d">2021-03-02</subfield>
    <subfield code="e">Dep&#xF3;sito Legal </subfield>
    <subfield code="o">BNPHU PD 928.61 G182g </subfield>
    <subfield code="p">2021-0522</subfield>
    <subfield code="r">2021-03-02</subfield>
    <subfield code="w">2021-03-02</subfield>
    <subfield code="y">LBS1</subfield>
  </datafield>
  <datafield tag="952" ind1=" " ind2=" ">
    <subfield code="0">0</subfield>
    <subfield code="1">0</subfield>
    <subfield code="2">ddc</subfield>
    <subfield code="5">1</subfield>
    <subfield code="7">0</subfield>
    <subfield code="8">PD</subfield>
    <subfield code="a">BNPHU</subfield>
    <subfield code="b">BNPHU</subfield>
    <subfield code="c">HD</subfield>
    <subfield code="d">2021-03-02</subfield>
    <subfield code="e">Dep&#xF3;sito Legal </subfield>
    <subfield code="o">BNPHU PD 928.61 G182g </subfield>
    <subfield code="p">2021-0523</subfield>
    <subfield code="r">2021-03-02</subfield>
    <subfield code="t">e. 2</subfield>
    <subfield code="w">2021-03-02</subfield>
    <subfield code="y">LBS1</subfield>
  </datafield>
  <datafield tag="952" ind1=" " ind2=" ">
    <subfield code="0">0</subfield>
    <subfield code="1">0</subfield>
    <subfield code="2">ddc</subfield>
    <subfield code="5">6</subfield>
    <subfield code="7">0</subfield>
    <subfield code="8">DS</subfield>
    <subfield code="a">BNPHU</subfield>
    <subfield code="b">BNPHU</subfield>
    <subfield code="c">HD</subfield>
    <subfield code="d">2021-03-02</subfield>
    <subfield code="e">Dep&#xF3;sito Legal </subfield>
    <subfield code="o">BNPHU DS 928.61  G182g </subfield>
    <subfield code="p">2021-0524</subfield>
    <subfield code="r">2021-03-02</subfield>
    <subfield code="t">e. 3</subfield>
    <subfield code="w">2021-03-02</subfield>
    <subfield code="y">LBS1</subfield>
  </datafield>
  <datafield tag="952" ind1=" " ind2=" ">
    <subfield code="0">0</subfield>
    <subfield code="1">0</subfield>
    <subfield code="2">ddc</subfield>
    <subfield code="5">6</subfield>
    <subfield code="7">0</subfield>
    <subfield code="8">DS</subfield>
    <subfield code="a">BNPHU</subfield>
    <subfield code="b">BNPHU</subfield>
    <subfield code="c">HD</subfield>
    <subfield code="d">2023-09-28</subfield>
    <subfield code="e">Donaci&#xF3;n</subfield>
    <subfield code="l">0</subfield>
    <subfield code="o">BNPHU DS 928.61 G182g </subfield>
    <subfield code="p">2023-6509</subfield>
    <subfield code="r">2023-09-28</subfield>
    <subfield code="t">e.4</subfield>
    <subfield code="w">2023-09-28</subfield>
    <subfield code="y">LBS1</subfield>
  </datafield>
  <datafield tag="999" ind1=" " ind2=" ">
    <subfield code="c">49475</subfield>
    <subfield code="d">49475</subfield>
  </datafield>
</record>
